[Event "SVR-ch Seniors 36th"]
[Site "Idar Oberstein"]
[Date "2013.03.28"]
[Round "4"]
[White "Baudner, Guntmar"]
[Black "Scheffler, Juergen"]
[Result "1-0"]
[WhiteElo "2041"]
[BlackElo "1160"]
[PlyCount "77"]
[EventDate "2013.03.23"]
[EventType "swiss"]
[EventRounds "7"]
[EventCountry "GER"]
[SourceTitle "EXT 2014"]
[Source "ChessBase"]
[SourceDate "2013.11.20"]
[SourceVersion "1"]
[SourceVersionDate "2013.11.20"]
[SourceQuality "1"]

1. d4 d5 2. c4 e6 3. Nc3 c6 4. f3 Nf6 5. e4 dxe4 6. fxe4 Bb4 7. e5 Ne4 8. Nge2 c5 9. d5 exd5 10. cxd5 Qa5 11. Bd2 Nxd2 12. Qxd2 0-0 13. Rc1 Re8 14. Qe3 Qxa2 15. Nf4 Qxb2 16. e6 fxe6 17. Bc4 e5 18. 0-0 Bxc3 19. Rxc3 Qb6 20. Nd3 Nd7 21. Rc2 Qd6 22. Nf2 Rf8 23. Ne4 Rxf1+ 24. Kxf1 Qf8+ 25. Rf2 Nf6 26. Nxc5 b6 27. Nd3 e4 28. d6+ Kh8 29. Ne5 Qe8 30. Nf7+ Kg8 31. d7 Bxd7 32. Nd6+ Qe6 33. Bxe6+ Bxe6 34. h3 Rd8 35. Nxe4 Bc4+ 36. Kg1 Rd1+ 37. Kh2 Nxe4 38. Qxe4 Bd5 39. Qe8# 1-0

[Event "SVR-ch Seniors 34th"]
[Site "Reil"]
[Date "2011.04.17"]
[Round "3"]
[White "Reichert, Helmut"]
[Black "Baudner, Guntmar"]
[Result "1/2-1/2"]
[WhiteElo "1758"]
[BlackElo "2041"]
[PlyCount "142"]
[EventDate "2011.04.15"]
[EventType "swiss"]
[EventRounds "7"]
[EventCountry "GER"]
[SourceTitle "EXT 2013"]
[Source "ChessBase"]
[SourceDate "2012.11.22"]
[SourceVersion "1"]
[SourceVersionDate "2012.11.22"]
[SourceQuality "1"]

1. e4 c5 2. f4 Nc6 3. Nf3 d6 4. b3 Bg4 5. Be2 Nf6 6. Nc3 g6 7. e5 dxe5 8. Nxe5 Bxe2 9. Qxe2 Nd4 10. Qc4 e6 11. Nb5 a6 12. Nxd4 Qxd4 13. c3 Qd5 14. 0-0 Bg7 15. Ba3 Ne4 16. d4 Qxc4 17. bxc4 f6 18. Nf3 Nxc3 19. Bxc5 Ne2+ 20. Kf2 Nxf4 21. Rfd1 Bf8 22. Bxf8 Rxf8 23. g3 Nh5 24. Rab1 Rf7 25. Re1 Ng7 26. d5 e5 27. Re4 Rc8 28. Rb6 Rc5 29. g4 g5 30. Ke2 Ra5 31. Rb2 Rc7 32. Nd2 Kd7 33. Nb3 Ra4 34. Kd3 Ne8 35. Rc2 b6 36. c5 Rxe4 37. c6+ Kd6 38. Kxe4 Rf7 39. Rf2 Nc7 40. Rd2 h5 41. h3 hxg4 42. hxg4 Rh7 43. Rd3 Rh1 44. Nd2 Re1+ 45. Kf5 Nxd5 46. c7 Kxc7 47. Rxd5 Ra1 48. Ne4 Rxa2 49. Kxf6 b5 50. Rxe5 b4 51. Nc5 a5 52. Kxg5 Kc6 53. Nb3 a4 54. Nd4+ Kd6 55. Rb5 Rb2 56. Ra5 Ra2 57. Rb5 Rb2 58. Kg6 a3 59. g5 a2 60. Ra5 Rd2 61. Nb3 Rc2 62. Ra4 Rb2 63. Nc1 Rc2 64. Ra6+ Kc5 65. Kg7 Kb5 66. Rxa2 Rxc1 67. Ra8 Rc7+ 68. Kf8 Rb7 69. Ra1 Kc4 70. Rc1+ Kd3 71. g6 b3 1/2-1/2

[Event "GER-chT Seniors 19th"]
[Site "Eckernfoerde"]
[Date "2010.09.17"]
[Round "5.3"]
[White "Schroeder, Christian"]
[Black "Baudner, Guntmar"]
[Result "1/2-1/2"]
[WhiteElo "1854"]
[BlackElo "1876"]
[PlyCount "81"]
[EventDate "2010.09.13"]
[EventType "team-swiss"]
[EventRounds "7"]
[EventCountry "GER"]
[SourceTitle "EXT 2011"]
[Source "ChessBase"]
[SourceDate "2010.11.26"]
[SourceVersion "1"]
[SourceVersionDate "2010.11.26"]
[SourceQuality "1"]
[WhiteTeam "Mecklenburg Vorpommern II"]
[BlackTeam "Rheinland Pfalz II"]
[WhiteTeamCountry "GER"]
[BlackTeamCountry "GER"]

1. d4 Nf6 2. c4 e6 3. Nf3 d5 4. Nc3 Be7 5. Bg5 0-0 6. e3 c6 7. Bd3 dxc4 8. Bxc4 Nd5 9. Bxe7 Qxe7 10. 0-0 Nd7 11. e4 Nf4 12. Qd2 Ng6 13. Rfe1 Rd8 14. Rad1 Nb6 15. Bb3 Bd7 16. Qe3 Rac8 17. a4 Qb4 18. Na2 Qa5 19. Qd2 Qh5 20. Nc3 h6 21. Ne2 Nh4 22. Ne5 Ng6 23. Ng3 Qh4 24. Nxg6 fxg6 25. Qa5 Ra8 26. Qc5 Qf6 27. Re3 Nc8 28. e5 Qe7 29. Ne4 b6 30. Qc2 Rf8 31. Qe2 a5 32. Qg4 g5 33. g3 Kh8 34. Nd6 Nxd6 35. exd6 Qf6 36. Rd2 Rae8 37. Rde2 c5 38. dxc5 bxc5 39. Bxe6 Bc6 40. d7 Bxd7 41. Qc4 1/2-1/2

[Event "GER-chT Seniors 19th"]
[Site "Eckernfoerde"]
[Date "2010.09.13"]
[Round "1.3"]
[White "Schmid, Hartmut"]
[Black "Baudner, Guntmar"]
[Result "1-0"]
[WhiteElo "2094"]
[BlackElo "1876"]
[PlyCount "135"]
[EventDate "2010.09.13"]
[EventType "team-swiss"]
[EventRounds "7"]
[EventCountry "GER"]
[SourceTitle "EXT 2011"]
[Source "ChessBase"]
[SourceDate "2010.11.26"]
[SourceVersion "1"]
[SourceVersionDate "2010.11.26"]
[SourceQuality "1"]
[WhiteTeam "Wuerttemberg"]
[BlackTeam "Rheinland Pfalz II"]
[WhiteTeamCountry "GER"]
[BlackTeamCountry "GER"]

1. c4 Nf6 2. Nc3 e6 3. e4 Bb4 4. e5 Bxc3 5. bxc3 Ne4 6. d3 Nc5 7. d4 Nca6 8. Qg4 Kf8 9. Nf3 d6 10. Ba3 c5 11. exd6 Qa5 12. Bb2 Nd7 13. Qf4 cxd4 14. Qxd4 Nac5 15. Be2 b6 16. 0-0 Bb7 17. Ne5 Rd8 18. f4 f6 19. Ng4 Na4 20. Rab1 Qc5 21. Kh1 Kf7 22. Bc1 Rhe8 23. Qd3 Qf5 24. Rb3 Qxd3 25. Bxd3 Nac5 26. Bc2 Nxb3 27. axb3 h5 28. Ne3 f5 29. Ba3 g6 30. Kg1 e5 31. Nd5 exf4 32. Nxf4 Re3 33. Bb2 Rde8 34. b4 h4 35. Ba4 Rd8 36. Nd5 Re2 37. Bc1 Bxd5 38. cxd5 Nf6 39. c4 Rxd6 40. c5 Rd8 41. d6 Ne4 42. Bd1 Nc3 43. Bxe2 Nxe2+ 44. Kf2 Nc3 45. Be3 Nd5 46. Bd2 Ke6 47. Ra1 Ra8 48. Be3 b5 49. Bd2 Kd7 50. Ra6 g5 51. h3 g4 52. Ke2 Ke6 53. Kd3 g3 54. Kd4 Nf6 55. d7+ Kf7 56. c6 Nxd7 57. cxd7 Ke7 58. Bg5+ Kxd7 59. Bxh4 Rc8 60. Rxa7+ Ke6 61. Ra6+ Kf7 62. Bxg3 Rc4+ 63. Kd5 Rxb4 64. Be5 Rb1 65. Rf6+ Kg8 66. Rxf5 Kh7 67. Ke6 Kg6 68. Rf2 1-0

[Event "GER-ch Seniors Gp-A 19th"]
[Site "Templin"]
[Date "2007.08.28"]
[Round "6"]
[White "Fritsch, Juergen"]
[Black "Baudner, Guntmar"]
[Result "1/2-1/2"]
[WhiteElo "1813"]
[BlackElo "1928"]
[PlyCount "100"]
[EventDate "2007.08.23"]
[EventType "swiss"]
[EventRounds "9"]
[EventCountry "GER"]
[SourceTitle "EXT 2022"]
[Source "ChessBase"]
[SourceDate "2021.10.06"]
[SourceVersion "1"]
[SourceVersionDate "2021.10.06"]
[SourceQuality "1"]

1. d4 Nf6 2. Bg5 e6 3. e4 Be7 4. Bxf6 Bxf6 5. Nf3 0-0 6. Bd3 Be7 7. 0-0 f5 8. c3 d6 9. Qb3 Kh8 10. e5 d5 11. Nbd2 b6 12. Rfe1 Nd7 13. Qc2 c5 14. a3 c4 15. Bf1 b5 16. g3 g5 17. h3 Qe8 18. Nh2 h5 19. Bg2 Nb6 20. Qd1 Kg7 21. f4 Qg6 22. Rf1 Bd7 23. Qe1 Rh8 24. h4 g4 25. Qe3 a5 26. Rfb1 b4 27. axb4 axb4 28. Qe1 Rxa1 29. Rxa1 Rb8 30. Nhf1 Qe8 31. Ne3 Bb5 32. Qc1 Na4 33. Bxd5 exd5 34. Nxf5+ Kf8 35. Nxe7 Qxe7 36. f5 Bd7 37. f6 Qe6 38. Nf1 Ke8 39. Qh6 Kd8 40. Qxh5 Kc7 41. Qh7 Kb6 42. Qb1 Ka5 43. Qc2 bxc3 44. bxc3 Qb6 45. Ne3 Qb5 46. Kf1 Be6 47. Ke1 Qb3 48. Kd2 Rb7 49. Ra2 Rc7 50. Ra1 Rb7 1/2-1/2

[Event "GER-ch Seniors 18th"]
[Site "Dresden"]
[Date "2006.07.30"]
[Round "9"]
[White "Baudner, Guntmar"]
[Black "Mann, Klaus Dieter"]
[Result "1-0"]
[WhiteElo "1936"]
[BlackElo "1910"]
[PlyCount "131"]
[EventDate "2006.07.22"]
[EventType "swiss"]
[EventRounds "9"]
[EventCountry "GER"]
[SourceTitle "EXT 2022"]
[Source "ChessBase"]
[SourceDate "2021.10.06"]
[SourceVersion "1"]
[SourceVersionDate "2021.10.06"]
[SourceQuality "1"]

1. d4 Nf6 2. c4 g6 3. Nc3 Bg7 4. e4 d6 5. f3 0-0 6. Be3 e5 7. d5 Nh5 8. Qd2 f5 9. Bd3 Nd7 10. Nge2 Ndf6 11. 0-0 Kh8 12. Bh6 Qe7 13. Bxg7+ Qxg7 14. b4 b6 15. c5 fxe4 16. fxe4 Bg4 17. h3 Bxe2 18. Nxe2 g5 19. Rf5 h6 20. Raf1 Nf4 21. Kh2 bxc5 22. bxc5 Nd7 23. Rxf8+ Rxf8 24. cxd6 cxd6 25. Ng3 Nc5 26. Bc2 Rf6 27. Qa5 Qd7 28. Nf5 Kh7 29. Rf3 Rf8 30. Ra3 Rf7 31. Ba4 Nxa4 32. Qxa4 Qd8 33. Qc6 Rc7 34. Qxd6 Qxd6 35. Nxd6 Rc2 36. Rxa7+ Kh8 37. Nf7+ Kg8 38. Nxh6+ Kf8 39. Ng4 Rxg2+ 40. Kh1 Rg3 41. Nxe5 Rxh3+ 42. Kg1 Re3 43. Ra4 Re2 44. Kf1 Rc2 45. Ra7 Ng2 46. Rf7+ Kg8 47. Rf2 Ne3+ 48. Kg1 Rc1+ 49. Kh2 g4 50. Re2 Rc3 51. d6 Kf8 52. d7 Ke7 53. Rf2 g3+ 54. Kxg3 Nc4+ 55. Rf3 Rxf3+ 56. Nxf3 Kxd7 57. Kf4 Kd6 58. Ne1 Ne5 59. Kf5 Nc6 60. Nd3 Ne7+ 61. Kf6 Nc6 62. e5+ Kd5 63. e6 Kd6 64. a4 Ne7 65. Kf7 Nc8 66. Nb2 1-0